Statistics for China Capital Cities

Click here to take the quiz!

General Stats

  • This quiz has been taken 1,284 times
  • The average score is 24 of 33

Answer Stats

HintAnswer% Correct
BeijingBeijing
99%
ShanghaiShanghai
98%
Hong KongHong Kong
96%
TianjinTianjin
96%
ChongqingChongqing
95%
MacauMacau
93%
GuangdongGuangzhou
92%
SichuanChengdu
86%
HeilongjiangHarbin
85%
TibetLhasa
85%
ShaanxiXi'an
85%
HubeiWuhan
84%
JiangsuNanjing
80%
XinjiangUrumqi
78%
ZhejiangHangzhou
77%
LiaoningShenyang
74%
FujianFuzhou
70%
YunnanKunming
70%
HunanChangsha
65%
HainanHaikou
64%
HenanZhengzhou
61%
AnhuiHefei
60%
GuangxiNanning
59%
Inner MongoliaHohhot
57%
JilinChangchun
56%
ShandongJinan
56%
HebeiShijiazhuang
56%
GuizhouGuiyang
55%
GansuLanzhou
55%
ShanxiTaiyuan
53%
JiangxiNanchang
48%
QinghaiXining
43%
NingxiaYinchuan
42%

Score Distribution

Percentile by Number Answered

Percent of People with Each Score

Your Score History

You have not taken this quiz